01163nam a2200193Ia 4500001001000000003001000010008004100020040002500061041001300086100001000099245009100109250001100200260006300211300002700274500026000301501011400561520026000675650003400935L235-9262IT-CnALBA170116s9999||||xx |||||||||||||| ||und|| aIT-CnALBAcIT-CnALBA aITALIANO aD. S. 0aLA VITA DI SANTA MONICA, MADRE DI S. AGOSTINO, MODELLO DELLE SPOSE E MADRI CRISTIANE.  a3a ed. a MONZAbARTIGIANELLI SCUOLA TIPOGR. c1913 [1° Ed.: n.d.] a216 p. (prefazione: 5) aTRADUZIONE DI BARETTI PIERO. MONICA CRISTIANA SPOSA PATRIZIO PAGANO. DOLCEZZA. CONVERSIONE DI PATRIZIO E DELLA SUOCERA. EDUCAZIONE CRISTIANA DEI FIGLI. PREOCCUPAZIONE PER AGOSTINO. PREGHIERE E PREMURE. ERRORI DI AGOSTINO. MANICHEO. SCHIAVO DELLE PASSIONI. aSocietà San Paolo EM - Piazza San Paolo, 14 - 12051 ALBA (CN) (non commercial uses only) ® Copyright 2017 aTRADUZIONE DI BARETTI PIERO. MONICA CRISTIANA SPOSA PATRIZIO PAGANO. DOLCEZZA. CONVERSIONE DI PATRIZIO E DELLA SUOCERA. EDUCAZIONE CRISTIANA DEI FIGLI. PREOCCUPAZIONE PER AGOSTINO. PREGHIERE E PREMURE. ERRORI DI AGOSTINO. MANICHEO. SCHIAVO DELLE PASSIONI. aMARIA SS. ANGELI SANTI DEMONI